[Event "Elit(Schack08-Solna)"]
[Site "?"]
[Date "2004.??.??"]
[Round "9"]
[White "Dalmau, Anneli"]
[Black "Schutz, Ingemar"]
[Result "0-1"]
[WhiteElo "1987"]
[BlackElo "2273"]
[PlyCount "102"]

1. e4 c5 2. Nf3 d6 3. d4 cxd4 4. Nxd4 Nf6 5. Nc3 Nc6 6. Be2 e5 7. Nb3 Be7 8.
O-O O-O 9. a3 Be6 10. Qd3 d5 11. exd5 Nxd5 12. Nxd5 Qxd5 13. Be3 Qxd3 14. Bxd3
b6 15. Rad1 Rac8 16. Ba6 Rc7 17. f4 Bf6 18. fxe5 Nxe5 19. Nd4 Bg4 20. Rd2 Nc4
21. Bxc4 Rxc4 22. c3 Re8 23. Bf2 Bg5 24. Rd3 Bd7 25. Re1 Rxe1+ 26. Bxe1 h6 27.
Bf2 Rc8 28. Be3 Bf6 29. Nf3 Bf5 30. Rd2 Re8 31. Kf2 Kf8 32. Bd4 Bd8 33. Be3 Bc7
34. g3 Ke7 35. Bd4 f6 36. Be3 g5 37. Bd4 Kf7 38. Re2 Rd8 39. Re1 h5 40. Re2 h4
41. Re1 Bd6 42. Kg2 hxg3 43. hxg3 Kg6 44. Bf2 Bc8 45. Rd1 Bb7 46. g4 f5 47.
gxf5+ Kxf5 48. Bg3 Bxg3 49. Rxd8 Kg4 50. Rd4+ Bf4 51. Rd3 Be4 0-1

[Event "Elit(Sollentuna-Limhamn)"]
[Site "Gothenburg, Sweden"]
[Date "2004.??.??"]
[Round "10"]
[White "Agrest, Evgenij"]
[Black "Brynell, Stellan"]
[Result "1/2-1/2"]
[WhiteElo "2735"]
[BlackElo "2575"]
[PlyCount "106"]
[EventDate "2004.??.??"]

1. Nf3 d5 2. d4 Nc6 3. c4 Bg4 4. Nc3 e6 5. Bg5 Be7 6. Bxe7 Ngxe7 7. e3 O-O 8.
Bd3 Ng6 9. cxd5 exd5 10. h3 Bxf3 11. Qxf3 Nb4 12. Bb1 c6 13. h4 Ne7 14. h5 Qd6
15. g3 Na6 16. Kf1 Nc7 17. Bd3 Rae8 18. Rd1 f5 19. Qf4 Nc8 20. Ne2 Qd7 21. Ng1
Nd6 22. Kg2 Ne4 23. Nf3 Ne6 24. Qh4 Qd6 25. Ne5 Qb4 26. b3 Qa3 27. Bb1 Qb2 28.
Nd3 Qa3 29. Rc1 a5 30. Rhd1 Nc7 31. f3 Nd6 32. Re1 Ne6 33. Kh1 Nf7 34. Qh2 Qe7
35. f4 Qa3 36. Qc2 Nd6 37. Ne5 Ne4 38. Qg2 Nd6 39. g4 Re7 40. gxf5 Nxf5 41. Qh3
Nh6 42. Rg1 a4 43. f5 Nc7 44. Rcf1 Ne8 45. f6 Rxf6 46. Nd7 Rxf1 47. Rxf1 Rf7
48. Rxf7 Nxf7 49. Qf5 Qc1+ 50. Kg2 Qd2+ 51. Kf1 Qd1+ 52. Kf2 Qd2+ 53. Kf1 Qd1+
1/2-1/2

[Event "Elit(Sollentuna-Limhamn)"]
[Site "Gothenburg, Sweden"]
[Date "2004.??.??"]
[Round "10"]
[White "Aagaard, Jacob"]
[Black "Lindberg, Bosse"]
[Result "1-0"]
[WhiteElo "2491"]
[BlackElo "2420"]
[PlyCount "143"]
[EventDate "2004.??.??"]

1. e4 Nc6 2. d4 e5 3. dxe5 Nxe5 4. Nf3 Bb4+ 5. c3 Nxf3+ 6. Qxf3 Bc5 7. Bd3 Qf6
8. Qg3 Ne7 9. e5 Qe6 10. O-O O-O 11. Nd2 Nf5 12. Qh3 Nh6 13. Qh5 Qg4 14. Qxg4
Nxg4 15. Ne4 Bb6 16. Bf4 Re8 17. Rae1 Nxe5 18. Ng5 d6 19. Bc4 Re7 20. Kh1 Bf5
21. Bxe5 dxe5 22. Nxf7 Rxf7 23. Rxe5 Bg6 24. f4 Kh8 25. f5 Raf8 26. Bxf7 Bxf7
27. a4 Re8 28. Rfe1 Rxe5 29. Rxe5 a5 30. b4 axb4 31. cxb4 Kg8 32. a5 Bf2 33.
Rb5 c6 34. Rxb7 Bc4 35. Rc7 Bb5 36. a6 Bxa6 37. Rxc6 Bb7 38. Rc7 Be4 39. b5
Bxf5 40. Rb7 Kf8 41. b6 Be4 42. Rb8+ Kf7 43. b7 Bxb7 44. Rxb7+ Kg6 45. g4 Bd4
46. Rb5 Kf6 47. Rh5 h6 48. Rf5+ Ke6 49. Kg2 g6 50. Ra5 Bf6 51. Kf3 Bg5 52. Ra6+
Kf7 53. Ra7+ Kf6 54. Rh7 Bc1 55. h4 Bd2 56. Ke4 Ke6 57. Kd4 Bf4 58. Ke4 Bd2 59.
Rh8 Kf6 60. Kd5 Kg7 61. Re8 Kf7 62. Re2 Ba5 63. Rf2+ Kg7 64. Ke6 Bd8 65. Rf7+
Kg8 66. Re7 Bb6 67. Rd7 Bf2 68. Kf6 h5 69. Kxg6 Bxh4 70. Ra7 Kf8 71. Ra8+ Ke7
72. gxh5 1-0

[Event "Elit(Sollentuna-Limhamn)"]
[Site "Gothenburg, Sweden"]
[Date "2004.??.??"]
[Round "10"]
[White "Dzevlan, Miralem"]
[Black "Ahlander, Bjorn"]
[Result "1-0"]
[WhiteElo "2464"]
[BlackElo "2489"]
[PlyCount "99"]
[EventDate "2004.??.??"]

1. d4 Nf6 2. c4 e6 3. Nf3 Bb4+ 4. Nbd2 d5 5. Qa4+ Nc6 6. a3 Be7 7. e3 O-O 8.
Bd3 Re8 9. O-O Bf8 10. Qc2 g6 11. b4 a6 12. Bb2 Bg7 13. Rac1 dxc4 14. Nxc4 Bd7
15. Rfd1 Rc8 16. Bf1 Qe7 17. e4 Red8 18. Re1 Qf8 19. h3 Ne8 20. e5 Ne7 21. Na5
Rb8 22. Bd3 Nd5 23. Be4 f5 24. Bxd5 exd5 25. e6 Bxe6 26. Rxe6 c6 27. Rce1 Nd6
28. Bc1 Ne4 29. Bf4 Qf7 30. Ng5 Qd7 31. Bxb8 Rxb8 32. R6xe4 fxe4 33. Nb3 Qf5
34. h4 h6 35. Nh3 Rf8 36. Qe2 g5 37. hxg5 hxg5 38. f3 Qf7 39. Nxg5 Qg6 40. Nxe4
dxe4 41. Qxe4 Qg3 42. Qe6+ Kh8 43. Re3 Qg5 44. f4 Rxf4 45. Rh3+ Rh4 46. Qe8+
Bf8 47. Qxf8+ Kh7 48. Qf7+ Kh6 49. Qe6+ Kg7 50. Qe5+ 1-0

[Event "Elit(Sollentuna-Limhamn)"]
[Site "Gothenburg, Sweden"]
[Date "2004.??.??"]
[Round "10"]
[White "Schneider, Stefan"]
[Black "Couso, Luis"]
[Result "1-0"]
[WhiteElo "2425"]
[BlackElo "2457"]
[PlyCount "91"]
[EventDate "2004.??.??"]

1. d4 d5 2. c4 c6 3. e3 Nf6 4. Nf3 a6 5. Bd3 e6 6. O-O Nbd7 7. b3 Bd6 8. Bb2
O-O 9. Nbd2 Qe7 10. e4 dxe4 11. Nxe4 Nxe4 12. Bxe4 Rd8 13. Qc2 Nf8 14. Rad1 Bd7
15. Rfe1 Rac8 16. c5 Bb8 17. Qc3 f6 18. b4 Be8 19. Bd3 Qc7 20. Bc4 Bf7 21. Rd3
Re8 22. Rde3 Qd7 23. g3 Rcd8 24. Qb3 Re7 25. a4 Rde8 26. Nh4 Kh8 27. b5 axb5
28. axb5 Bh5 29. Bd3 Bg4 30. f4 Rd8 31. Bf1 cxb5 32. Bxb5 Qc7 33. Bf1 Red7 34.
Qb4 Ba7 35. h3 Bh5 36. Bb5 Rf7 37. Kh2 e5 38. fxe5 fxe5 39. Rxe5 Bb8 40. Qc3
Rf2+ 41. Kg1 Qf7 42. Re8 Rxb2 43. Qxb2 Bxg3 44. Rf1 Qxf1+ 45. Kxf1 Bxe8 46. Nf5
1-0

[Event "Elit(Sollentuna-Limhamn)"]
[Site "Gothenburg, Sweden"]
[Date "2004.??.??"]
[Round "10"]
[White "Eriksson, Johan"]
[Black "Eriksson, Magnus"]
[Result "0-1"]
[WhiteElo "2459"]
[BlackElo "2423"]
[PlyCount "100"]
[EventDate "2004.??.??"]

1. d4 d5 2. c4 e6 3. Nc3 Be7 4. Nf3 Nf6 5. Bg5 O-O 6. e3 h6 7. Bh4 b6 8. Qc2
Bb7 9. Bxf6 Bxf6 10. cxd5 exd5 11. O-O-O g6 12. h4 Bg7 13. Ne5 c5 14. f4 cxd4
15. exd4 Nc6 16. h5 g5 17. g3 Nxe5 18. fxe5 a6 19. Bd3 Bc8 20. Kb1 Be6 21. Bf5
b5 22. Rhf1 Rc8 23. Qd3 Qd7 24. Rde1 Rc4 25. Bxe6 Qxe6 26. b3 Rc7 27. Qf3 Rd8
28. g4 Bf8 29. Ne2 Ba3 30. Qd3 Rdc8 31. Rf6 Qxg4 32. Rxh6 Qe4 33. Qxe4 dxe4 34.
Rg1 Kg7 35. Rxa6 b4 36. d5 Rc2 37. Rc6 Rb2+ 38. Kc1 Rd8 39. Kd1 Rxd5+ 40. Ke1
Rxe5 41. h6+ Kh7 42. Rf6 e3 43. Kf1 Rd5 44. Rxf7+ Kxh6 45. Rh1+ Kg6 46. Rhh7
Rd1+ 47. Kg2 Rxe2+ 48. Kg3 Rg1+ 49. Kh3 g4+ 50. Kh4 Rh2# 0-1

[Event "Elit(Passanten-Schack08)"]
[Site "?"]
[Date "2004.??.??"]
[Round "10"]
[White "Petrov, Miriam"]
[Black "Cramling, Pia"]
[Result "0-1"]
[WhiteElo "2519"]
[BlackElo "2557"]
[PlyCount "38"]
[EventDate "2004.??.??"]

1. e4 c5 2. Nf3 e6 3. c3 Nf6 4. e5 Nd5 5. d4 cxd4 6. cxd4 d6 7. a3 Nc6 8. Bd3
g6 9. O-O Bg7 10. Bg5 Qc7 11. exd6 Qxd6 12. Nbd2 O-O 13. Ne4 Qc7 14. Bc4 h6 15.
Bxd5 exd5 16. Nf6+ Kh8 17. Bh4 Qd6 18. Qd2 g5 19. Nxg5 Qxf6 0-1

[Event "Elit(Passanten-Schack08)"]
[Site "?"]
[Date "2004.??.??"]
[Round "10"]
[White "Bellon Lopez, Juan"]
[Black "Lejlic, Samir"]
[Result "0-1"]
[WhiteElo "2501"]
[BlackElo "2401"]
[PlyCount "116"]
[EventDate "2004.??.??"]

1. d4 d5 2. Nf3 Nc6 3. Bf4 Bg4 4. e3 e6 5. Nbd2 Bd6 6. c3 Nf6 7. Qb3 Rb8 8. h3
Bh5 9. Bd3 O-O 10. g4 Bg6 11. Bxg6 fxg6 12. O-O-O Qe7 13. Ne1 b5 14. Bxd6 cxd6
15. Nd3 Rfc8 16. Kb1 Na5 17. Qc2 b4 18. Ka1 Ne4 19. Nxe4 dxe4 20. Qa4 bxc3 21.
bxc3 Qc7 22. Nc5 dxc5 23. d5 exd5 24. Rxd5 Qc6 25. Qxc6 Rxc6 26. Rhd1 Nc4 27.
Rd8+ Rxd8 28. Rxd8+ Kf7 29. Rd7+ Ke6 30. Rxa7 Rd6 31. a4 Rd2 32. a5 Rxf2 33. a6
Rf8 34. Rb7 Nxe3 35. a7 Ra8 36. Kb1 Nc4 37. Kc2 Nd6 38. Rc7 Ke5 39. Rd7 Ke6 40.
Rxg7 Nc8 41. Rg8 Kd7 42. Kd2 Rxa7 43. Ke3 Ra3 44. Kxe4 Rxc3 45. Rg7+ Ke6 46.
Rxh7 Nd6+ 47. Kf4 Nf7 48. h4 Rc4+ 49. Kg3 Ne5 50. g5 Kf5 51. h5 Rc3+ 52. Kf2
Kxg5 53. hxg6 Kxg6 54. Rh4 Kg5 55. Re4 Kf5 56. Rh4 Rc4 57. Rh3 Re4 58. Rh8 Ke6
0-1

[Event "Elit(Passanten-Schack08)"]
[Site "?"]
[Date "2004.??.??"]
[Round "10"]
[White "Laveryd, Peter"]
[Black "Cramling, Dan"]
[Result "0-1"]
[WhiteElo "2455"]
[BlackElo "2402"]
[PlyCount "56"]
[EventDate "2004.??.??"]

1. d4 Nf6 2. Nf3 c5 3. e3 e6 4. Bd3 Nc6 5. O-O Qc7 6. c4 d5 7. Nc3 dxc4 8. Bxc4
a6 9. a3 b5 10. Ba2 Bb7 11. Qe2 Rd8 12. Rd1 Be7 13. dxc5 Rxd1+ 14. Nxd1 Ne5 15.
Nxe5 Qxe5 16. f4 Qxc5 17. b4 Qd6 18. Bb2 O-O 19. Nf2 Rc8 20. Nd3 Ne4 21. Be5
Qc6 22. Bb3 Bf6 23. Bxf6 gxf6 24. Nc5 Nxc5 25. bxc5 Qxc5 26. Rd1 Qxa3 27. Qg4+
Kf8 28. Rb1 Rc1+ 0-1

[Event "Elit(Passanten-Schack08)"]
[Site "?"]
[Date "2004.??.??"]
[Round "10"]
[White "Burwick, Malte"]
[Black "Karlsson, Tomas"]
[Result "1/2-1/2"]
[WhiteElo "2282"]
[BlackElo "2296"]
[PlyCount "29"]
[EventDate "2004.??.??"]

1. b3 e5 2. Bb2 Nc6 3. c4 d6 4. g3 Nf6 5. Bg2 g6 6. Nf3 Bg7 7. O-O O-O 8. d4
exd4 9. Nxd4 Bd7 10. Nc3 Re8 11. e3 Rb8 12. Qd2 Nxd4 13. exd4 Bf5 14. Rfe1 Qd7
15. Rxe8+ 1/2-1/2

[Event "Elit(Passanten-Schack08)"]
[Site "?"]
[Date "2004.??.??"]
[Round "10"]
[White "Thoren, Per"]
[Black "Sanden, Stefan"]
[Result "1/2-1/2"]
[WhiteElo "2268"]
[BlackElo "2321"]
[PlyCount "66"]
[EventDate "2004.??.??"]

1. e4 c5 2. Nf3 e6 3. d4 cxd4 4. Nxd4 Nc6 5. Nxc6 bxc6 6. Bd3 d5 7. O-O Nf6 8.
Nd2 Be7 9. Qe2 O-O 10. b3 a5 11. Bb2 a4 12. Rad1 Qb6 13. exd5 cxd5 14. Nf3 Ba6
15. Ne5 Rfc8 16. c4 axb3 17. axb3 Qxb3 18. cxd5 exd5 19. Nxf7 Kxf7 20. Bxf6
Bxf6 21. Bxa6 Re8 22. Qh5+ Kg8 23. Rd3 Qb6 24. Qxd5+ Kh8 25. Bc4 Rad8 26. Qf7
Rf8 27. Rxd8 Qxd8 28. Qd5 Qxd5 29. Bxd5 Rd8 30. Rd1 g6 31. f4 Rb8 32. Rd2 Rb1+
33. Kf2 Rb2 1/2-1/2

[Event "Elit(Passanten-Schack08)"]
[Site "?"]
[Date "2004.??.??"]
[Round "10"]
[White "Lundin, Anders"]
[Black "Schutz, Ingemar"]
[Result "0-1"]
[WhiteElo "2235"]
[BlackElo "2273"]
[PlyCount "80"]
[EventDate "2004.??.??"]

1. d4 Nf6 2. c4 e5 3. dxe5 Ne4 4. a3 d6 5. Nf3 Nc6 6. Qc2 d5 7. cxd5 Qxd5 8.
Nc3 Nxc3 9. Qxc3 Bg4 10. Bf4 O-O-O 11. Rc1 h6 12. h3 g5 13. Bh2 Bxf3 14. exf3
Bg7 15. Bc4 Bxe5 16. Bxd5 Bxc3+ 17. Rxc3 Rxd5 18. O-O Re8 19. g4 Re2 20. b4 a5
21. Rb1 axb4 22. axb4 Rdd2 23. Bg3 Rb2 24. Ra1 Kb8 25. Rca3 b6 26. Rc1 Rec2 27.
Rxc2 Rxc2 28. b5 Nd4 29. Rd3 Nxb5 30. Rd7 f6 31. Rf7 Rc6 32. f4 Nd4 33. fxg5
hxg5 34. Kg2 b5 35. Rd7 Ne2 36. Bh2 b4 37. Rd2 Nc3 38. Rb2 Rb6 39. f4 b3 40.
fxg5 fxg5 0-1

[Event "Elit(Rockaden-Skara)"]
[Site "?"]
[Date "2004.??.??"]
[Round "10"]
[White "Gausel, Einar"]
[Black "Hermansson, Emil"]
[Result "1/2-1/2"]
[WhiteElo "2580"]
[BlackElo "2524"]
[PlyCount "80"]
[EventDate "2004.??.??"]

1. d4 Nf6 2. Nf3 g6 3. c4 Bg7 4. Nc3 d5 5. cxd5 Nxd5 6. e4 Nxc3 7. bxc3 c5 8.
Bb5+ Nc6 9. O-O cxd4 10. cxd4 O-O 11. Be3 Bg4 12. Bxc6 bxc6 13. Rc1 Bxf3 14.
Qxf3 Bxd4 15. Rfd1 c5 16. Rxc5 Bxe3 17. Rxd8 Bxc5 18. Rd5 Rac8 19. g4 Bb6 20.
Qe2 e6 21. Rd2 Rfd8 22. h4 h6 23. Kg2 g5 24. hxg5 hxg5 25. Qb5 f6 26. Rxd8+
Rxd8 27. e5 Kf7 28. Qb1 Kg7 29. Qb4 Rd7 30. exf6+ Kxf6 31. Qf8+ Kg6 32. Qe8+
Rf7 33. Qxe6+ Kg7 34. f3 Bc7 35. a4 Bf4 36. Kf2 Rf6 37. Qd5 a6 38. Qb7+ Kf8 39.
Qc8+ Ke7 40. Qb7+ Ke8 1/2-1/2

[Event "Elit(Rockaden-Skara)"]
[Site "?"]
[Date "2004.??.??"]
[Round "10"]
[White "Barkhagen, Jonas"]
[Black "Ziegler, Ari"]
[Result "1/2-1/2"]
[WhiteElo "2546"]
[BlackElo "2426"]
[PlyCount "65"]
[EventDate "2004.??.??"]

1. d4 Nf6 2. c4 c5 3. d5 e6 4. Nc3 exd5 5. cxd5 d6 6. e4 g6 7. f4 Bg7 8. Bb5+
Nbd7 9. e5 dxe5 10. fxe5 Nh5 11. e6 Qh4+ 12. g3 Nxg3 13. hxg3 Qxh1 14. Be3
Bxc3+ 15. bxc3 a6 16. exd7+ Bxd7 17. Bxd7+ Kxd7 18. Qg4+ f5 19. Qf3 Qxf3 20.
Nxf3 Rhe8 21. Kf2 Re4 22. Ng5 Rc4 23. Nxh7 Rxc3 24. Re1 Rc2+ 25. Kg1 Rh8 26.
Nf6+ Kc7 27. Bf4+ Kb6 28. d6 Rhh2 29. d7 Rcg2+ 30. Kf1 Rf2+ 31. Kg1 Rfg2+ 32.
Kf1 Rf2+ 33. Kg1 1/2-1/2

[Event "Elit(Rockaden-Skara)"]
[Site "?"]
[Date "2004.??.??"]
[Round "10"]
[White "Wiedenkeller, Michael"]
[Black "Svensson, Sven"]
[Result "1/2-1/2"]
[WhiteElo "2527"]
[BlackElo "2257"]
[PlyCount "87"]
[EventDate "2004.??.??"]

1. d4 Nf6 2. c4 e6 3. Nf3 Bb4+ 4. Bd2 Qe7 5. g3 Nc6 6. Bg2 Bxd2+ 7. Nbxd2 d6 8.
O-O a5 9. e4 e5 10. d5 Nb8 11. Ne1 O-O 12. Nd3 Na6 13. Qa4 b6 14. Qc2 Bd7 15.
b3 c6 16. dxc6 Bxc6 17. Rfe1 Nc7 18. f4 Ne6 19. Qb2 Nd4 20. Nf3 Nxf3+ 21. Bxf3
Nd7 22. Rad1 Nc5 23. Nxc5 bxc5 24. Qd2 Rfd8 25. f5 Ra6 26. Re3 Qb7 27. g4 a4
28. Rde1 axb3 29. axb3 Qe7 30. Rd3 h6 31. Qf2 Rda8 32. h4 Ra2 33. Qg3 Ra1 34.
Red1 f6 35. Qe1 Rxd1 36. Qxd1 Rd8 37. Kh2 Qb7 38. Rxd6 Rxd6 39. Qxd6 Bxe4 40.
Qe6+ Kf8 41. Qd6+ Kg8 42. Qd8+ Kh7 43. Qe8 Bxf3 44. Qg6+ 1/2-1/2

[Event "Elit(Rockaden-Skara)"]
[Site "?"]
[Date "2004.??.??"]
[Round "10"]
[White "Mohammadi, Amir"]
[Black "Olsson, Anders"]
[Result "1/2-1/2"]
[WhiteElo "2258"]
[BlackElo "2512"]
[PlyCount "153"]
[EventDate "2004.??.??"]

1. e4 e6 2. d4 d5 3. Nc3 Bb4 4. Nge2 Nc6 5. a3 Ba5 6. b4 Bb6 7. Be3 Nf6 8. e5
Ng4 9. Ng3 Qh4 10. Be2 Nxe3 11. fxe3 Nxd4 12. exd4 Bxd4 13. Qd3 Bxe5 14. Rd1 a5
15. b5 Qe7 16. Nb1 h5 17. Nd2 h4 18. Ngf1 c5 19. Nf3 Bc7 20. Ne3 Bd7 21. c4 d4
22. Ng4 e5 23. Qe4 O-O 24. Nf2 f5 25. Qxb7 Rac8 26. Nh3 e4 27. Nfg5 Be6 28. Qa6
Bd6 29. Nxe6 Qxe6 30. Nf4 Qh6 31. Nd5 Rcd8 32. Qxa5 Qg5 33. Kf1 f4 34. Qd2 h3
35. Rg1 Qh6 36. Bg4 hxg2+ 37. Rxg2 e3 38. Qe2 f3 39. Bxf3 Rxf3+ 40. Qxf3 Rf8
41. Qxf8+ Kxf8 42. Kg1 Kg8 43. Rf1 Kh7 44. Rf7 Be5 45. b6 d3 46. b7 d2 47. Rf1
Qh4 48. Nxe3 Qe4 49. Re2 Qxb7 50. Rxd2 Bd4 51. Re2 Qb3 52. Rf3 Qxc4 53. Kf1 Qd3
54. Rh3+ Kg8 55. Rg3 Qxa3 56. Nc2 Qc1+ 57. Ne1 Bc3 58. Rf3 c4 59. Rfe3 Bf6 60.
Re8+ Kf7 61. R8e4 c3 62. Rc4 Qd1 63. Rf2 Kg6 64. Rxf6+ gxf6 65. Rxc3 f5 66.
Rg3+ Kf6 67. Rf3 Ke5 68. Re3+ Kf4 69. Re2 Kg4 70. Kf2 f4 71. h3+ Kxh3 72. Kf3
Kh4 73. Ng2+ Kg5 74. Nxf4 Qf1+ 75. Rf2 Qc4 76. Nh3+ Kh4 77. Nf4 1/2-1/2

[Event "Elit(Rockaden-Skara)"]
[Site "?"]
[Date "2004.??.??"]
[Round "10"]
[White "Bator, Robert"]
[Black "Andersson, Goran"]
[Result "1-0"]
[WhiteElo "2505"]
[BlackElo "2238"]
[PlyCount "67"]
[EventDate "2004.??.??"]

1. d4 d5 2. Nf3 Nf6 3. c4 c6 4. e3 Bf5 5. Nc3 e6 6. Nh4 Be4 7. f3 Bg6 8. Qb3
Qc7 9. Bd2 Bd6 10. cxd5 exd5 11. O-O-O Nbd7 12. e4 dxe4 13. fxe4 Bf4 14. Nxg6
hxg6 15. e5 Nd5 16. Bxf4 Nxf4 17. g3 Nd5 18. Nxd5 cxd5+ 19. Kb1 Nb6 20. Bb5+
Kf8 21. Rc1 Qd8 22. h4 Rc8 23. Qa3+ Qe7 24. Qxa7 Nc4 25. Qa4 Qe6 26. b3 Nd2+
27. Kb2 Kg8 28. Bd7 Rxc1 29. Kxc1 Qb6 30. Kxd2 f6 31. h5 Rxh5 32. Rxh5 gxh5 33.
Bf5 Qd8 34. Qd7 1-0

[Event "Elit(Farsta-Kamraterna)"]
[Site "Gothenburg, Sweden"]
[Date "2004.??.??"]
[Round "10"]
[White "Svenn, Gosta"]
[Black "Sammalvuo, Tapani"]
[Result "0-1"]
[WhiteElo "2417"]
[BlackElo "2495"]
[PlyCount "92"]
[EventDate "2004.??.??"]

1. d4 Nf6 2. Nf3 e6 3. c4 b6 4. g3 Ba6 5. b3 Bb4+ 6. Bd2 Be7 7. Bg2 c6 8. O-O
d5 9. Ne5 Nfd7 10. Nxd7 Nxd7 11. Nc3 Rc8 12. cxd5 cxd5 13. a4 Nb8 14. Nb5 Qd7
15. Bf4 Nc6 16. Qd2 O-O 17. Rfc1 Bb4 18. Qd1 Na5 19. Qd3 h6 20. h4 Rfd8 21. Bf3
Qe7 22. Kg2 Ba3 23. Rxc8 Rxc8 24. e4 dxe4 25. Bxe4 Bb4 26. Rc1 Rxc1 27. Bxc1
Bb7 28. Bxb7 Qxb7+ 29. f3 a6 30. Na3 Bxa3 31. Bxa3 Qd5 32. Qxa6 Qxb3 33. Bd6
Qa2+ 34. Kh3 Qd5 35. Qxb6 Qxf3 36. Qb8+ Kh7 37. Qb1+ f5 38. Be5 Nc4 39. Bf4 g5
40. hxg5 hxg5 41. Bxg5 Qg4+ 42. Kg2 Qxg5 43. Qb7+ Qg7 44. Qxg7+ Kxg7 45. Kf3
Kf6 46. Kf4 Na5 0-1

27:09]} 13. a4 {
[%clk 1:20:29]} 13... Nb8 {[%clk 1:27:02]} 14. Nb5 {[%clk 1:20:29]} 14... Qd7 {
[%clk 1:26:51]} 15. Bf4 {[%clk 1:20:29]} 15... Nc6 {[%clk 1:26:26]} 16. Qd2 {
[%clk 1:20:29]} 16... O-O {[%clk 1:23:26]} 17. Rfc1 {[%clk 1:07:00]} 17... Bb4
{[%clk 1:02:29]} 18. Qd1 {[%clk 0:57:20]} 18... Na5 {[%clk 1:00:16]} 19. Qd3 {
[%clk 0:50:32]} 19... h6 {[%clk 0:47:32]} 20. h4 {[%clk 0:47:08]} 20... Rfd8 {
[%clk 0:44:36]} 21. Bf3 {[%clk 0:36:15]} 21... Qe7 {[%clk 0:42:20]} 22. Kg2 {
[%clk 0:29:57]} 22... Ba3 {[%clk 0:40:39]} 23. Rxc8 {[%clk 0:14:32]} 23... Rxc8
{[%clk 0:40:37]} 24. e4 {[%clk 0:12:45]} 24... dxe4 {[%clk 0:38:34]} 25. Bxe4 {
[%clk 0:12:12]} 25... Bb4 {[%clk 0:31:27]} 26. Rc1 {[%clk 0:10:11]} 26... Rxc1
{[%clk 0:30:46]} 27. Bxc1 {[%clk 0:10:06]} 27... Bb7 {[%clk 0:30:42]} 28. Bxb7
{[%clk 0:04:39]} 28... Qxb7+ {[%clk 0:30:34]} 29. f3 {[%clk 0:04:28]} 29... a6
{[%clk 0:15:39]} 30. Na3 {[%clk 0:04:25]} 30... Bxa3 {[%clk 0:12:56]} 31. Bxa3
{[%clk 0:04:22]} 31... Qd5 {[%clk 0:12:44]} 32. Qxa6 {[%clk 0:03:24]} 32...
Qxb3 {[%clk 0:12:03]} 33. Bd6 {[%clk 0:01:20]} 33... Qa2+ {[%clk 0:09:40]} 34.
Kh3 {[%clk 0:01:15]} 34... Qd5 {[%clk 0:08:59]} 35. Qxb6 {[%clk 0:01:00]} 35...
Qxf3 {[%clk 0:08:08]} 36. Qb8+ {[%clk 0:00:56]} 36... Kh7 {[%clk 0:08:04]} 37.
Qb1+ {[%clk 0:00:53]} 37... f5 {[%clk 0:07:29]} 38. Be5 {[%clk 0:00:29]} 38...
Nc4 {[%clk 0:07:05]} 39. Bf4 {[%clk 0:00:22]} 39... g5 {[%clk 0:05:05]} 40.
hxg5 {[%clk 0:00:20]} 40... hxg5 {[%clk 1:05:01]} 41. Bxg5 {[%clk 0:40:54]}
41... Qg4+ {[%clk 1:04:04]} 42. Kg2 {[%clk 0:39:05]} 42... Qxg5 {[%clk 1:02:44]
} 43. Qb7+ {[%clk 0:38:59]} 43... Qg7 {[%clk 0:54:34]} 44. Qxg7+ {
[%clk 0:22:36]} 44... Kxg7 {[%clk 0:54:24]} 45. Kf3 {[%clk 0:22:30]} 45... Kf6
{[%clk 0:52:37]} 46. Kf4 {[%clk 0:21:29]} 46... Na5 {[%clk 0:51:31]} 0-1

[Event "Elit(Farsta-Kamraterna)"]
[Site "?"]
[Date "2004.??.??"]
[Round "10"]
[White "Lindberg, Bengt"]
[Black "Svensson, Bengt"]
[Result "1/2-1/2"]
[WhiteElo "2493"]
[BlackElo "2424"]
[PlyCount "63"]
[EventDate "2004.??.??"]

1. e4 c5 2. Nf3 Nc6 3. d4 cxd4 4. Nxd4 Nf6 5. Nc3 e5 6. Ndb5 d6 7. Bg5 a6 8.
Na3 b5 9. Bxf6 gxf6 10. Nd5 f5 11. Bd3 Be6 12. O-O Bxd5 13. exd5 Ne7 14. c3 Bg7
15. Qh5 e4 16. Bc2 O-O 17. Rae1 Qc8 18. Kh1 Rb8 19. f3 b4 20. Nb1 bxc3 21. bxc3
Bxc3 22. Nxc3 Qxc3 23. Bb3 Ng6 24. fxe4 f4 25. Qe2 a5 26. Qa6 Qb4 27. Rc1 Rb6
28. Qd3 Rbb8 29. Qa6 Rb6 30. Qe2 Rbb8 31. Qa6 Rb6 32. Qe2 1/2-1/2

[Event "Elit(Farsta-Kamraterna)"]
[Site "?"]
[Date "2004.??.??"]
[Round "10"]
[White "Andreasson, Ingvar"]
[Black "Degerman, Lars"]
[Result "1/2-1/2"]
[WhiteElo "2401"]
[BlackElo "2498"]
[PlyCount "53"]

1. b3 e5 2. Bb2 Nc6 3. e3 g6 4. Nf3 Bg7 5. d4 exd4 6. exd4 Nge7 7. Be2 O-O 8.
O-O d5 9. Nbd2 Nf5 10. c3 Re8 11. Re1 Qd6 12. Qc2 Bd7 13. a4 h5 14. Ba3 Qf6 15.
Bb5 Nfe7 16. Ne5 Bf5 17. Qd1 a6 18. Bf1 Nxe5 19. dxe5 Qc6 20. Nf3 Qd7 21. Nd4
Nc6 22. Nxf5 Qxf5 23. Bd3 Qg5 24. Bc1 Qe7 25. Ba3 Qg5 26. Bc1 Qe7 27. Ba3
1/2-1/2

[Event "Elit(Farsta-Kamraterna)"]
[Site "?"]
[Date "2004.??.??"]
[Round "10"]
[White "Backelin, Rikard"]
[Black "Wengholm, Anders"]
[Result "1-0"]
[WhiteElo "2380"]
[BlackElo "2261"]
[PlyCount "85"]

1. e4 d6 2. d4 Nf6 3. Bd3 e5 4. c3 Nc6 5. Nf3 g6 6. h3 Bg7 7. O-O O-O 8. Re1 h6
9. Na3 Re8 10. d5 Ne7 11. c4 Rf8 12. c5 Ne8 13. cxd6 cxd6 14. Bd2 f5 15. Nc4 f4
16. Qb3 Rf6 17. Ncxe5 dxe5 18. d6+ Be6 19. dxe7 Qxe7 20. Bc4 Bxc4 21. Qxc4+ Kh7
22. Bc3 Rc6 23. Qa4 Ra6 24. Qb5 Nd6 25. Qe2 Nf7 26. Red1 Rd8 27. Rxd8 Qxd8 28.
a3 Rd6 29. Rc1 Qd7 30. Bb4 Rd3 31. Kh2 g5 32. Ne1 Rd4 33. Nf3 Rd3 34. Rc7 Qxc7
35. Qxd3 Qc6 36. Qb3 Kg6 37. h4 g4 38. h5+ Kf6 39. Nh4 Qxe4 40. Ng6 Kg5 41.
Qxf7 Bf6 42. Ne7 g3+ 43. Kh3 1-0

[Event "Elit(Farsta-Kamraterna)"]
[Site "?"]
[Date "2004.??.??"]
[Round "10"]
[White "Haggstrom, Olle"]
[Black "Jaderberg, Bjorn"]
[Result "1/2-1/2"]
[WhiteElo "2213"]
[BlackElo "2298"]
[PlyCount "51"]

1. d4 Nf6 2. c4 e6 3. Nc3 Bb4 4. Qc2 Nc6 5. Nf3 d6 6. a3 Bxc3+ 7. Qxc3 Ne4 8.
Qc2 f5 9. e3 O-O 10. Bd3 d5 11. b4 a6 12. Bb2 Nd6 13. O-O dxc4 14. Bxc4 Nxc4
15. Qxc4 Qd5 16. Rac1 Qxc4 17. Rxc4 Bd7 18. Rd1 Rac8 19. Rdc1 Be8 20. Rc5 h6
21. Ne5 Nxe5 22. Rxe5 Bd7 23. d5 exd5 24. Rxd5 Rf7 25. Rcd1 Be6 26. Rd8+
1/2-1/2

[Event "Elit(Farsta-Kamraterna)"]
[Site "?"]
[Date "2004.??.??"]
[Round "10"]
[White "Lindeman, Sven"]
[Black "Madebrink, Lars"]
[Result "1-0"]
[WhiteElo "2217"]
[BlackElo "2239"]
[PlyCount "83"]

1. e4 d5 2. exd5 Nf6 3. Bb5+ Bd7 4. Be2 Nxd5 5. d4 e6 6. Nf3 Be7 7. O-O O-O 8.
c4 Nb6 9. Nc3 Nc6 10. Bd3 f5 11. c5 Nd5 12. Bc4 Be8 13. Re1 Bf7 14. Bb5 Bf6 15.
Bxc6 bxc6 16. Qa4 Qd7 17. Nxd5 exd5 18. Bf4 Bh5 19. Ne5 Bxe5 20. Rxe5 Rfe8 21.
Rxe8+ Qxe8 22. Bxc7 Qg6 23. Qb3 Re8 24. Be5 h6 25. Qg3 Qxg3 26. hxg3 Re7 27. f3
Rb7 28. b3 Be8 29. Re1 Bd7 30. Bd6 Kf7 31. Kf2 Be6 32. Ke3 g6 33. Rh1 h5 34.
Kf4 Kf6 35. Be5+ Kf7 36. Kg5 Rd7 37. Rf1 Rb7 38. g4 hxg4 39. f4 Rd7 40. Rh1 Kf8
41. Kf6 Bg8 42. Bd6+ 1-0

[Event "Elit(Solna-Manhem)"]
[Site "?"]
[Date "2004.??.??"]
[Round "10"]
[White "Olausson, Claes-Goran"]
[Black "Jonsson, Mikael"]
[Result "1-0"]
[WhiteElo "2390"]
[BlackElo "2384"]
[PlyCount "85"]

1. Nf3 g6 2. g3 Bg7 3. Bg2 e5 4. d3 Nc6 5. O-O d5 6. c3 Nge7 7. Nbd2 O-O 8. e4
a5 9. Re1 Re8 10. Qc2 h6 11. h3 Be6 12. b3 Qd7 13. Kh2 d4 14. a3 dxc3 15. Qxc3
Red8 16. Bf1 a4 17. Bb2 Nd4 18. b4 Nec6 19. Rac1 Rac8 20. Ba1 Na7 21. Nxd4 exd4
22. Qc2 Nb5 23. Bb2 Nc3 24. Nf3 c5 25. bxc5 Rxc5 26. Qd2 Rdc8 27. Ng1 Bb3 28.
h4 Qd6 29. Bh3 R8c7 30. Nf3 Nxe4 31. dxe4 Rc2 32. e5 Qd5 33. Qf4 d3 34. Qe3
Rxc1 35. Rxc1 Rc2 36. Rxc2 dxc2 37. Bg2 Qd1 38. Ne1 b5 39. Nd3 Bf8 40. e6 fxe6
41. Bh3 Bc4 42. Bxe6+ Kh7 43. Qa7+ 1-0